|
|
|
|
| LEADER |
01331nam a2200373Ia 4500 |
| 001 |
EBC736906 |
| 003 |
MiAaPQ |
| 005 |
20200520144314.0 |
| 006 |
m o d | |
| 007 |
cr cn||||||||| |
| 008 |
110127s2011 nju sb 001 0 eng d |
| 010 |
|
|
|z 2011003639
|
| 020 |
|
|
|z 9780691128177
|
| 035 |
|
|
|a (MiAaPQ)EBC736906
|
| 035 |
|
|
|a (Au-PeEL)EBL736906
|
| 035 |
|
|
|a (CaPaEBR)ebr10484250
|
| 035 |
|
|
|a (CaONFJC)MIL316898
|
| 035 |
|
|
|a (OCoLC)744333838
|
| 040 |
|
|
|a MiAaPQ
|c MiAaPQ
|d MiAaPQ
|
| 050 |
|
4 |
|a HB846
|b .S25 2011
|
| 082 |
0 |
4 |
|a 330.12
|2 22
|
| 100 |
1 |
|
|a Saint-Paul, Gilles.
|
| 245 |
1 |
4 |
|a The tyranny of utility
|h [electronic resource] :
|b behavioral social science and the rise of paternalism /
|c Gilles Saint-Paul.
|
| 260 |
|
|
|a Princeton :
|b Princeton University Press,
|c c2011.
|
| 300 |
|
|
|a vii, 163 p.
|
| 504 |
|
|
|a Includes bibliographical references and index.
|
| 533 |
|
|
|a Electronic reproduction. Ann Arbor, MI : ProQuest, 2015. Available via World Wide Web. Access may be limited to ProQuest affiliated libraries.
|
| 650 |
|
0 |
|a Welfare economics.
|
| 650 |
|
0 |
|a Utilitarianism.
|
| 650 |
|
0 |
|a Paternalism.
|
| 650 |
|
0 |
|a Public welfare.
|
| 655 |
|
4 |
|a Electronic books.
|
| 710 |
2 |
|
|a ProQuest (Firm)
|
| 856 |
4 |
0 |
|u https://ebookcentral.proquest.com/lib/matrademy/detail.action?docID=736906
|z Click to View
|